Statistics for Harry Potter character quiz

Click here to take the quiz!

General Stats

  • This quiz has been taken 28 times
    (21 since last reset)
  • The average score is 151 of 275

Answer Stats

HumansAnswer% Correct
AbbottHannah
100%
BryceFrank
92%
BellKatie
92%
BrownLavender
92%
Sirius
92%
MoodyAlastor
85%
Albus
85%
LongbottomAlice
85%
Ariana
85%
WeasleyArthur
85%
Augusta
85%
CrouchBartemius
85%
Bartemius, Jr.
85%
BagshotBathilda
85%
LestrangeBellatrix
85%
Bill
85%
ZabiniBlaise
85%
Cedric
85%
Charlie
85%
ChangCho
85%
UmbridgeDolores
85%
MalfoyDraco
85%
DursleyDudley
85%
FlitwickFilius
85%
Fleur
85%
Fred
85%
Gabrielle
85%
George
85%
LockhartGilderoy
85%
Ginny
85%
GryffindorGodric
85%
PotterHarry
85%
RavenclawHelena
85%
HufflepuffHelga
85%
James
85%
Lily
85%
Lucius
85%
BagmanLudo
85%
LovegoodLuna
85%
McGonagallMinerva
85%
Molly
85%
Narcissa
85%
Neville
85%
ScamanderNewt
85%
Nymphadora
85%
HornbyOlive
85%
WoodOliver
85%
MaximeOlympe
85%
ParkinsonPansy
85%
Percy
85%
PettigrewPeter
85%
Petunia
85%
PomfreyPoppy
85%
Regulus
85%
LupinRemus
85%
Ron
85%
Rowena
85%
SlytherinSalazar
85%
FinniganSeamus
85%
SnapeSeverus
85%
Susan
85%
Sybil
85%
Ted
85%
RiddleTom
85%
Vernon
85%
SmithZacharias
85%
DumbledoreAberforth
77%
SpinettAlicia
77%
FilchArgus
77%
GreengrassAstoria
77%
CreeveyColin
77%
McLaggenCormac
77%
ThomasDean
77%
GreybackFenrir
77%
OllivanderGarrick
77%
GrindewaldGellert
77%
GoyleGregory
77%
SlughornHorace
77%
KarkaroffIgor
77%
Kendra
77%
ShackleboltKingsley
77%
Belby | FlintMarcus
77%
Marge
77%
Merope
77%
Bagnold | BulstrodeMillicent
77%
PatilPadma
77%
Parvati
77%
Percival
77%
Phineas
77%
SkeeterRita
77%
HagridRubeus
77%
Malfoy 2nd generationScorpius
77%
ShunpikeStan
77%
KrumVictor
77%
CrabbeVincent
77%
Xenophilius
77%
CarrowAlecto
69%
BonesAmelia
69%
DiggoryAmos
69%
BensonAmy
69%
Amycus
69%
TonksAndromeda
69%
JohnsonAngelina
69%
DolohovAntonin
69%
FiggArabella
69%
AcromantulaAragog
69%
FudgeCornelius
69%
BishopDennis
69%
House-elvesDobby
69%
PrinceEileen
69%
Macmillan | PrangErnie
69%
PhoenixFawkes
69%
Hedwig
69%
Hugo
69%
Ignotus
69%
Finch-FletchleyJustin
69%
JordanLee
69%
GauntMarvolo
69%
CornerMichael
69%
FlamelNicholas
69%
ClearwaterPenelope
69%
ThicknessePius
69%
SproutPomona
69%
Rodolphus
69%
HoochRolanda
69%
Rose
69%
BootTerry
69%
PuceyAdrian
62%
SinistraAurora
62%
HippogriffBuckbeak
62%
RosierEvan
62%
Resident ghost of HufflepuffFat Friar
62%
GrangerHermione
62%
Kreacher
62%
Lucy
62%
Haunts the girls' bathroom on the 2nd floorMoaning Myrtle
62%
FletcherMundungus
62%
SnakeNagini
62%
QuirellQuirinus
62%
VaneRomilda
62%
Roxanne
62%
ScrimgeourRufus
62%
Resident ghost of GryffindorSir Nicholas de Mimsy-Porpington
62%
Resident ghost of Slytherinthe Bloody Baron
62%
Resident ghost of Ravenclawthe Grey Lady
62%
NottTheodore
62%
ToadTrevor
62%
Victoire
62%
RookwoodAugustus
54%
BurbageCharity
54%
DiggleDedalus
54%
Dominique
54%
OwlsErrol
54%
DogsFang
54%
Firenze
54%
Gideon
54%
Louis
54%
CattermoleMary
54%
Morfin
54%
Norwegian RidgebackNorbert
54%
PolkissPiers
54%
Rabastan
54%
DaviesRoger
54%
Grubbly-PlankWilhelmina
54%
Winky
54%
RuncornAlbert
46%
GoldsteinAnthony
46%
PeverellAntioch
46%
DippetArmando
46%
Cadmus
46%
CatsCrookshanks
46%
BinnsCuthbert
46%
DogeElphias
46%
PrewettFabian
46%
Fluffy
46%
Grawp
46%
Griphook
46%
SmithHepzibah
46%
Hermes
46%
PinceIrma
46%
EdgecombeMarietta
46%
Pidwidgeon
46%
Reginald
46%
MacnairWalden
46%
Pygmy PuffArnold
38%
RobinsDemelza
38%
CresswellDirk
38%
Hokey
38%
HopkirkMafalda
38%
RowleThorfinn
38%
CentaursBane
31%
JorkinsBertha
31%
OgdenBob
31%
YaxleyCorban
31%
VanceEmmeline
31%
JonesHestia
31%
SlooperJack
31%
DawlishJohn
31%
Mrs. Norris
31%
VectorSeptima
31%
KettleburnSilvanus
31%
PodmoreSturgis
31%
TwycrossWilkie
31%
BodeBroderick
23%
WarbeckCelestina
23%
Crockford | PurkissDoris
23%
MidgetEloise
23%
BottBertie
15%
Edgar
15%
AbercrombieEuan
15%
Gornuk
15%
MostafaHassan
15%
PeakesJimmy
15%
Ripper
15%
Ronan
15%
HiggsTerence
15%
SmethleyVeronica
15%
Weasley 2nd generationAudrey
8%
GoblinsBogrod
8%
Trelawney | VablatskyCassandra
8%
DerwentDilys
8%
GiantsFridwulfa
8%
MontagueGraham
8%
MarchbanksGriselda
8%
Karkus
8%
Magorian
8%
GoshawkMiranda
8%
Otto
8%
Sir Delaney-PodmorePatrick
8%
AckerleySteward
8%
SlinkhardWilbert
8%
WiddershinsWilly
8%
WafflingAdalbert
0%
LynchAidan
0%
GrunnionAlberic
0%
DelacourApolline
0%
JiggerArsenius
0%
AubreyBertram
0%
FubsterColonel
0%
BlackElladora
0%
SwitchEmeric
0%
GudgeonGladys
0%
Golgamath
0%
MorganGwendolyn
0%
DingleHarold
0%
BaddockMalcolm
0%
MacDougalMorag
0%
Mosag
0%
Mr. Paws
0%
DeverillPhilbert
0%
SporePhyllida
0%
TrimbleQuentin
0%
Ragnok
0%
PerksSally-Ann
0%
Snowy
0%
BoardmanStubby
0%
ThestralTenebrus
0%
Tibbles
0%
Tiberius
0%
Tufty
0%
FrobisherVicky
0%
VindictusViridian
0%

Score Distribution

Percentile by Number Answered

Percent of People with Each Score

Your Score History

You have not taken this quiz since the last reset